000
00179nam a2200085 4500
001
1239940
005
20251008114555.0
245
_a
KEREM İLE ASLI
_c
AHMET SELÇUK
260
_b
KARATAY
999
_c
1239940
_d
1239940